Symbolic logic and intelligent machines
Αποθηκεύτηκε σε:
| Κύριος συγγραφέας: | |
|---|---|
| Μορφή: | Βιβλίο |
| Γλώσσα: | English |
| Δημοσίευση: |
New York :
Reinhold Pub. Corp.,
c1959
|
| Θέματα: | |
| Ετικέτες: |
Προσθήκη ετικέτας
Δεν υπάρχουν, Καταχωρήστε ετικέτα πρώτοι!
|
MARC
| LEADER | 00000cam a2200000 i 4500 | ||
|---|---|---|---|
| 001 | 1/6851 | ||
| 008 | 100423s1959 eng d | ||
| 035 | |l 10107657 | ||
| 040 | |a GR-MY-UA |b gre |e aacr | ||
| 041 | 0 | |a eng | |
| 082 | 0 | |a 511.3 |2 (22) | |
| 100 | 1 | |a Berkeley, Edmund Callis. | |
| 245 | 1 | 0 | |a Symbolic logic and intelligent machines / |c Edmund C. Berkeley |
| 260 | |a New York : |b Reinhold Pub. Corp., |c c1959 | ||
| 300 | |a v, 203 σ.; |b εικ.; |c 23 εκ. | ||
| 504 | |a Περιέχει βιβλιογραφία και ευρετήριο | ||
| 650 | 0 | 0 | |a Computational intelligence. |
| 650 | 0 | 0 | |a Logic, Symbolic and mathematical. |
| 852 | |a INST |b SAMOS |c MAG |e 20100423 |h 511.3 BER |p 005300031936 |q 005300031936 |t BK |y 0 | ||
| 901 | |a BIBL3-2010-1 | ||
| 909 | |a Σ |b 162263 | ||
| 970 | |a ΣΙΤΖΙΜΗ |b ΓΙΑΣΕΜΗ |z 2010/04/23 | ||